000 01044nam a2200289 i 4500
001 32349
003 ES-MaACL
005 20250902225542.0
007 t|
008 141007s2013 sp |||| | spa d
020 _a978-84-92937-31-8
080 _a37.012
080 _a37.001.76
245 0 0 _aRenovación educativa para la transformación social
_b: XXVII Premios Francisco Giner de los Ríos a la Mejora de la Calidad Educativa.
250 _a1ª ed.
260 _aBilbao :
_bFundación BBVA,
_c2013.
300 _a404 p. :
_bil., gráf. ;
_c24 cm.
500 _aÍndices.
504 _aReferencias bibliográficas.
586 _aXXVII Premios Francisco Giner de los Ríos a la Mejora de la Calidad Educativa, 2011
650 4 _aEvaluación educativa.
_9155674
650 0 4 _aInnovaciones educativas-
_vCongresos y asambleas.
_913789
710 2 _aFundación BBVA
_94230
852 _aES-MaACL
_jA-13265
_933550
_bR-150056
_cDEPO1
_dN-6265
_hDonación. Editorial
942 _2udc
_cMONOGRAFIA
999 _c32349
_d32349